000 00286nam a2200121 i 4500
001 bg
245 0 _aNemecko-russkij slovar po cementu, betonu i żelezobetonu.
260 _aMoskwa,
_c1962.
040 _cBPK
041 _apol
942 _cKS
008 s pl f |000 0 pol
999 _c8305
_d8305
856 _uhttp://koha.tu.koszalin.pl/cgi-bin/koha/opac-detail.pl?biblionumber=8305
_yKatalog online BPK